Normal view
MARC view
- Majeed, Romeeza
Entry Personal Name
001 - CONTROL NUMBER
- control field: 35493
003 - CONTROL NUMBER IDENTIFIER
- control field: NUST
005 - DATE AND TIME OF LATEST TRANSACTION
- control field: 20201120150444.0
008 - FIXED-LENGTH DATA ELEMENTS
- fixed length control field: 201120|| aca||aabn | a|a d
040 ## - CATALOGING SOURCE
- Original cataloging agency: NUST
- Transcribing agency: NUST
100 ## - HEADING--PERSONAL NAME
- Personal name: Majeed, Romeeza
670 ## - SOURCE DATA FOUND
- Source citation: Work cat.: (NUST): Majeed, Romeeza, Use of Statistical Quality Control Tools in Manufacturing Industry to Improve Quality and Enhancement in Productivity /, 2012.
